Curtain of death / W.E.B. Griffin and William E. Butterworth IV.
January 1946: Two WACs leave an officers' club in Munich, and four Soviet NKGB agents kidnap them at knifepoint in the parking lot and shove them in the back of an ambulance. That is the agents' first mistake, and their last. One of the WACs, a blond woman improbably named Claudette Colbert, works for the new Directorate of Central Intelligence, and three of the men end up dead and the fourth wounded. The 'incident, ' however, will send shock waves rippling up and down the line and have major repercussions not only for her, but for her boss,
Record details
- ISBN: 9781491588796
- ISBN: 1491588799
- Physical Description: 9 audio discs (10 hr., 28 min.) : digital ; 4 3/4 in.
- Edition: Unabridged.
- Publisher: Grand Haven, MI : Brilliance Audio, Inc., [2016]
Content descriptions
| General Note: | Title from container. Compact discs. |
| Participant or Performer Note: | Performed by Alexander Cendese. |
Search for related items by subject
| Subject: | United States. Central Intelligence Agency > Fiction. Intelligence officers > United States > Fiction. Cold War > Fiction. |
| Genre: | Compact discs. Thrillers (Fiction) Spy fiction. Compact discs. Sound recordings. |
Search for related items by series
Available copies
- 1 of 1 copy available at scottsboropl.
Holds
- 0 current holds with 1 total copy.
Other Formats and Editions
Show Only Available Copies
| Location | Call Number / Copy Notes | Barcode | Shelving Location | Status | Due Date |
|---|---|---|---|---|---|
| scottsboropl | BK/CD Gri | 32269001107104 | Adult - Audiobook | Available | - |
| LDR | 02359nim a2200529Ia 4500 | ||
|---|---|---|---|
| 001 | 150402 | ||
| 003 | CONS | ||
| 005 | 20190311102451.0 | ||
| 007 | sd fmngnnmmned | ||
| 008 | 160926s2016 miunnnne f n eng d | ||
| 020 | . | ‡a9781491588796 | |
| 020 | . | ‡a1491588799 | |
| 028 | 0 | 2. | ‡aBN10669 ‡bRecorded Books |
| 035 | . | ‡a(CPomAG)LMN611252 | |
| 043 | . | ‡an-us--- | |
| 050 | 4. | ‡aPS3557.R489137 ‡bC87 2016ab | |
| 082 | 0 | 4. | ‡a813/.54 ‡223 |
| 100 | 1 | . | ‡aGriffin, W. E. B. |
| 245 | 1 | 0. | ‡aCurtain of death / ‡cW.E.B. Griffin and William E. Butterworth IV. |
| 250 | . | ‡aUnabridged. | |
| 260 | . | ‡aGrand Haven, MI : ‡bBrilliance Audio, Inc., ‡c[2016] | |
| 300 | . | ‡a9 audio discs (10 hr., 28 min.) : ‡bdigital ; ‡c4 3/4 in. | |
| 306 | . | ‡a102800 | |
| 336 | . | ‡aspoken word ‡bspw ‡2rdacontent | |
| 337 | . | ‡aaudio ‡bs ‡2rdamedia | |
| 338 | . | ‡aaudio disc ‡bsd ‡2rdacarrier | |
| 344 | . | ‡adigital ‡2rda | |
| 347 | . | ‡aaudio file ‡bCD audio ‡2rda | |
| 490 | 1 | . | ‡aA Clandestine operations novel |
| 500 | . | ‡aTitle from container. | |
| 500 | . | ‡aCompact discs. | |
| 511 | 0 | . | ‡aPerformed by Alexander Cendese. |
| 520 | . | ‡aJanuary 1946: Two WACs leave an officers' club in Munich, and four Soviet NKGB agents kidnap them at knifepoint in the parking lot and shove them in the back of an ambulance. That is the agents' first mistake, and their last. One of the WACs, a blond woman improbably named Claudette Colbert, works for the new Directorate of Central Intelligence, and three of the men end up dead and the fourth wounded. The 'incident, ' however, will send shock waves rippling up and down the line and have major repercussions not only for her, but for her boss, | |
| 610 | 1 | 0. | ‡aUnited States. ‡bCentral Intelligence Agency ‡vFiction. |
| 650 | 0. | ‡aIntelligence officers ‡zUnited States ‡vFiction. | |
| 650 | 0. | ‡aCold War ‡vFiction. | |
| 655 | 0. | ‡aCompact discs. | |
| 655 | 7. | ‡aThrillers (Fiction) ‡2lcgft | |
| 655 | 7. | ‡aSpy fiction. ‡2lcgft | |
| 655 | 7. | ‡aCompact discs. ‡2lcgft | |
| 655 | 7. | ‡aSound recordings. ‡2lcgft | |
| 700 | 1 | . | ‡aButterworth, William E. ‡q(William Edmund) |
| 700 | 1 | . | ‡aCendese, Alexander, ‡d1981- |
| 800 | 1 | . | ‡aGriffin, W. E. B. ‡tClandestine operations novel. ‡sSpoken word. |
| 914 | . | ‡aSCP_LP | |
| 959 | . | ‡i32269001107104 ‡lBK/CD Gri ‡aAdult - Audiobook ‡tAudiobook ‡g41.00 | |
| 852 | . | ‡p32269001107104 ‡jBK/CD Gri ‡gAdult - Audiobook ‡cAudiobook ‡y41.00 ‡bSBPL | |
| 901 | . | ‡a150402 ‡bUnknown ‡c150402 ‡tbiblio | |